Semente de vagabundo (Registo nº 199897)

Detalhes MARC
000 -Etiqueta do registo
Valores 00626nam 22002293 4500
010 ## - Número ISBN
ISBN 972-41-0950-X
021 ## - Número do Depósito Legal
Código do país Portugal
Número 48049/91
100 ## - Dados gerais de processamento
Dados gerais 20260114d u||y0pory50 ba
200 ## - Titulo e menção de responsabilidade
Título próprio Semente de vagabundo
Primeira menção de responsabilidade Dominique David
Outras menções de responsabilidade tradução de Francisco Alba Linhares
205 ## - Menção da edição
Edição
210 ## - Publicação
Local de publicação Porto
Nome do editor Edições Asa
Data de publicação 1992
215 ## - Descrição física 
Paginação / Volumes 48 p.
Outras indicações físicas il. ; encadernado
Dimensões 30 cm
225 ## - Colecção 
Título próprio da colecção Jimmy Boy
606 ## - Nome comum usado como assunto
ID Autoridade 1586
Palavra de ordem Desenho Artístico
610 ## - Termos não controlados
Palavra de ordem banda desenhada
675 ## - CDU
Notação 74
Edição PT
Língua por
700 ## - Autor principal (pessoa individual)
ID Autoridade 9542
Apelido David
Nome Dominique
801 ## - Fonte de origem
País PT
Agência BMMN
Regras de catalogação RPC
830 ## - Notas gerais do catalogador
Criado por Isabel
990 ## - Elementos KOHA
Tipo de documento Livro
Exemplares
Situação do levantamento Biblioteca de origem Código de barras Cota Permissão de empréstimo Tipo de documento Forma de aquisição
  Biblioteca Municipal de Montemor-o-Novo 28939 74 DAV|AJ   Livro Compra

Powered by Koha